000 01000nam a2200313 i 4500
003 EG-GICUC
005 20260410204912.0
008 260410s1935 fr ||||fr|||| 00| 0 fre d
040 _aEG-GiCUC
_bfre
_cEG-GiCUC
_dEG-GiCUC
_eRda
041 _afre
082 0 4 _221
_a343.3721
_bME . J
092 0 4 _221
099 _aLaw1 10 343.3721 ME . J 1935
100 1 _aMestre, Jacques François
_eAuteur
245 1 3 _aLe juge unique en matière pénale :
_bontribution à la réforme judiciaire /
_cJacques François Mestre.
264 1 _aParis :
_bEditions A. Pedone,
_c1935.
300 _a264 pages ;
_c25 cm.
336 _2rda contenu
_a texte
337 _2rda medias
_aOrdinateur
338 _2 transporteur rda
_a Ressource en ligne
546 _aTexte en français
650 1 _aDroit pénal
650 1 _aJuges
650 1 _aTribunaux
650 1 _aDroit de procédure pénale
856 4 0 _uhttps://fll.law.cu.edu.eg/fulltext/bks/B10-09062.pdf
905 _a43
942 _2ddc
_n0
_cBK
_e21
999 _c69964
_d69964